LEADER 01053cam0-2200325---450- 001 990004173310403321 005 20150930131712.0 035 $a000417331 035 $aFED01000417331 035 $a(Aleph)000417331FED01 035 $a000417331 100 $a19990604d1997----km-y0itay50------ba 101 0 $aita 102 $aIT 105 $aa---b---101yy 200 1 $aAntichitą e belle arti$ele istituzioni$emostra documentaria, Napoli, Archivio di Stato, Sala Filangieri, 5 novembre 1997-31 maggio 1998 210 $aNapoli$cLuciano$d1997 215 $a215 p.$cill.$d24 cm 610 0 $aPatrimonio archeologico$aTutela$aSec. 19.$aCatalogo$a1998 610 0 $aPatrimonio artistico$aTutela$aSec. 19.$aCatalogo$a1998 676 $a354.45700859 676 $a363.690945731 712 02$aArchivio di Stato di Napoli 801 0$aIT$bUNINA$gRICA$2UNIMARC 901 $aBK 912 $a990004173310403321 952 $a363.69 MOSTRE NAPOLI 1998$bBibl. 25470$fFLFBC 959 $aFLFBC 996 $aAntichitą e Belle Arti$9485883 997 $aUNINA LEADER 04636oam 2200313z- 450 001 9910160718103321 005 20170925210800.0 010 $a3-8452-7654-1 035 $a(CKB)3710000000966621 035 $a(EXLCZ)993710000000966621 100 $a20170102c2016uuuu -u- - 101 0 $aeng 200 10$aGovernance und politisches Entscheiden $ezur intersubjektiven Erschliessung der Grundlagen politischer Entscheidungen /$fHubert Heinelt 210 $cNomos Verlagsgesellschaft mbH & Co. KG 311 $a3-8487-3619-5 327 $gEinleitung --$tPolitische Entscheidungen und Wissen --$tZur Entwicklung einer post-positivistischen interpretativen Politikwissenschaft --$tZur Kritik am "rational choice"-Paradigma und an institutionalistischen Erkla?rungen --$tInterpretative Ansa?tze in den Sozialwissenschaften --$tZu unterschiedlichen Grundversta?ndnissen interpretativer Ansa?tze --$tBabylon : oder das Begriffswirrwarr bei Vertretern interpretativer Ansa?tze --$tWissen --$tWissensordnung --$tWissensangebote und ihre Evidenz : und deren Hervorbringung durch unterschiedliche Methoden und Verfahren der Wissensgenerierung und Geltungspru?fung --$tGovemance und Wissen --$tZur Govemance-Debatte --$tVom Staatsversagen zu Govemance --$tVerhandeln und Argumentieren als horizontale und kommunikationsbasierte Modi der Handlungskoordination --$tMeta-Govemance und die Formierung von Govemance-Arrangements --$tVerschiedene "governing Orders", die "Drei Welten demokratischen Handelns" und die Verortung von Wissen in ihnen --$tZur Wissenformierung im Kontext der verschiedenen "governing Orders" --$tKonzeptionelle U?berlegungen zu Wissensordnungen --$tVorbemerkung --$tInhalt und "Rahmen" von Wissensordnungen --$tDer "Rahmen" einer Wissensordnung : Strukturen und Prozesse --$tMechanismen der Entwicklung von Wissensordnungen --$tZur wissenschaftliche Debatte um "causal" beziehungsweise "social mechanisms" --$tZu einzelnen Mechanismen der Entwicklung von Wissensordnungen --$tBeobachtung anderer und Orientierung an ihnen --$tDie diskursive Entwicklung eines Bezugspunkts fu?r eine triadische Kommunikation --$t"Framing": die fortlaufende (Selbst-)Begru?ndung und Stabilisierung von Entscheidungen und der Wissensordnung --$tImmunisierung --$t"Issue relabeling" --$tZwischenresu?mee --$tMechanismen der Reproduktion und Vera?nderung von Wissensordnungen im u?berblick --$tZur Bedeutung von Mechanismen der Akteursinteraktion aus einer interpretativen Perspektive --$tMechanismen und ihr Potenzial fu?r Erkla?rungen --$tZur Debatte u?ber die Relevanz von Kontextbedingungen fu?r die Wirkung von Mechanismen --$tZur Nutzung der kommunikativen Mechanismen fu?r die Entwicklung von Wissensordnungen durch diskursive Praktiken --$tDie Nutzung von Mechanismen der Entwicklung von Wissensordnungen durch singula?re Sprechakte --$tDie Nutzung von Mechanismen der Entwicklung von Wissensordnungen durch strukturierte Erza?hlungen --$tDie Konstruktion von Problemursachen und Handlungspotenzialen und die Mechanismen der Entwicklung von Wissensordnungen --$tDie Konstruktion von Zeitlichkeit und die Mechanismen der Entwicklung von Wissensordnungen --$tZwischenresu?mee --$tWissenspolitik --$tZum Begriff der Wissenspolitik --$tVerschiedene Ausrichtungen von Wissenspolitik --$tWissenspolitik und diskursive Mo?glichkeiten der Einwirkung auf Wissensordnungen --$tMo?glichkeiten der Einwirkung auf Wissensordnungen u?ber Vera?nderungen ihrer Struktur --$tWissenspolitik und die Frage von Macht --$t"Power is knowledge" versus "knowledge is power" --$t"Argumentative Macht" und die Selbstbestimmungspraxis demokratischer Gesellschaften --$tProblem und Perspektiven demokratischen Regierens in der (Un-)Wissensgesellschaft --$tResu?mee und Ausblick : Entwicklung von Wissensordnungen unter Bedingungen knapper Zeitressourcen --$tReflexive Wissenspolitik in der sich durch Ignoranz auszeichnenden "Risikogesellschaft" --$tWissenschaftler in der (Un-)Wissensgesellschaft und die Handlungsperspektive eines "romantischen Ironikers" --$tDie Ausgestaltung des institutioneilen Rahmens von Wissensordnungen als Herausforderung demokratischen Regierens --$gLiteratur. 606 $aDecision making 606 $aKnowledge management 606 $aPolitical planning 606 $aInformation policy 615 0$aDecision making. 615 0$aKnowledge management. 615 0$aPolitical planning. 615 0$aInformation policy. 700 $aHeinelt$b Hubert$f1952-$0846583 906 $aBOOK 912 $a9910160718103321 996 $aGovernance und politisches Entscheiden$92887604 997 $aUNINA LEADER 04894nam 22006615 450 001 9910298082703321 005 20251117071610.0 010 $a1-4614-8763-3 024 7 $a10.1007/978-1-4614-8763-0 035 $a(CKB)3710000000073410 035 $a(EBL)1592911 035 $a(OCoLC)868915553 035 $a(SSID)ssj0001066280 035 $a(PQKBManifestationID)11589383 035 $a(PQKBTitleCode)TC0001066280 035 $a(PQKBWorkID)11067867 035 $a(PQKB)11409912 035 $a(MiAaPQ)EBC1592911 035 $a(DE-He213)978-1-4614-8763-0 035 $a(PPN)176099603 035 $a(EXLCZ)993710000000073410 100 $a20131108d2014 u| 0 101 0 $aeng 135 $aur|n|---||||| 181 $ctxt 182 $cc 183 $acr 200 10$aCommunity Based System Dynamics /$fby Peter S. Hovmand 205 $a1st ed. 2014. 210 1$aNew York, NY :$cSpringer New York :$cImprint: Springer,$d2014. 215 $a1 online resource (117 p.) 300 $aDescription based upon print version of record. 311 08$a1-4614-8762-5 320 $aIncludes bibliographical references and index. 327 $a""Preface""; ""Acknowledgements""; ""Contents""; ""Chapter 1: Introduction to Community-Based System Dynamics""; ""Why Community-Based System Dynamics?""; ""Mental Models""; "" Causal Maps and Formal Models""; "" Group Model Building""; "" Defining Community""; "" Complex Problems""; "" Participation""; "" Community Based""; "" Conclusion""; ""References""; ""Chapter 2: Group Model Building and Community-Based System Dynamics Process""; ""Group Model Building""; "" Approaches to Group Model Building""; "" Teamwork""; "" Boundary Objects""; "" Scripts""; "" Participants"" 327 $a"" Three Stages of a CBSD Project""""Problem Scoping and Identification""; "" Core Modeling Team Planning and Capacity Building""; "" Group Model Building Workshops""; "" Evaluation, Reporting, and Next Steps""; "" Conclusion""; ""References""; ""Chapter 3: Engaging Communities""; ""Engaging Communities""; ""Initial Community Participants, Gatekeepers, and Organizations During Engagement""; "" The First Audition""; "" Engaging with the Graphs over Time Script""; "" Engaging with the Concept Model Script""; "" Conclusion""; ""References""; ""Chapter 4: Problem Scoping and Identification"" 327 $a"" Consolidating Deliverables"""" Debriefing and Reflection""; "" Conclusion""; ""References""; ""Chapter 7: Model Refinement, Integration, Formulation, and Analysis""; ""Participation Versus Modeling""; "" The Role of the Expert Modeler""; "" Why Model?""; "" Model Specification and Ownership""; "" Model Review and Cleanup""; "" Integration""; "" Simplification""; "" Formulation and Testing""; "" Analysis""; "" Conclusion""; ""References""; ""Chapter 8: Implementation and Evaluation""; ""Implementation""; "" Evaluation""; "" Conclusion""; ""References""; ""Chapter 9: Conclusion"" 327 $a""A First Step"" 330 $aCommunity Based System Dynamics introduces researchers and practitioners to the design and application of participatory systems modeling with diverse communities. The book bridges community- based participatory research methods and rigorous computational modeling approaches to understanding communities as complex systems.  It emphasizes the importance of community involvement both to understand the underlying system and to aid in implementation. Comprehensive in its scope, the volume includes topics that span the entire process of participatory systems modeling, from the initial engagement and conceptualization of community issues to model building, analysis, and project evaluation.  Community Based System Dynamics is a highly valuable resource for anyone interested in helping to advance social justice using system dynamics, community involvement, and group model building, and helping to make communities a better place. Proceeds from the book go the communities who inspired and help develop community based system dynamics. 606 $aCommunity psychology 606 $aEnvironmental psychology 606 $aSociology 606 $aCommunity and Environmental Psychology$3https://scigraph.springernature.com/ontologies/product-market-codes/Y20070 606 $aSociology, general$3https://scigraph.springernature.com/ontologies/product-market-codes/X22000 615 0$aCommunity psychology. 615 0$aEnvironmental psychology. 615 0$aSociology. 615 14$aCommunity and Environmental Psychology. 615 24$aSociology, general. 676 $a150 676 $a155.9 676 $a300.113 676 $a301 700 $aHovmand$b Peter S.$4aut$4http://id.loc.gov/vocabulary/relators/aut$0942309 906 $aBOOK 912 $a9910298082703321 996 $aCommunity Based System Dynamics$92126365 997 $aUNINA